PŘISPĚVEK K HYDROGEOCHEMII VÝCHODOSLOVENSKÉHO NEOGÉNU

Bibliographic Details
Main Author: Michalíček, Miroslav (Author)
Format: Article
Language:Czech

MARC

LEADER 00000nab a2200000ua 4500
001 vtls010845261
003 SK-MaSNL
005 20260303140305.0
008 230218s1965 xo |||||||||||||||||cze|
035 |a (urnnbn)urn:nbn:sk:snk:ar-a074al 
035 |a urn:nbn:sk:snk-ab66xf 
035 |a (uuid)72a151b2-e8e5-4070-bf24-59b9eb15924b 
040 |a SNKBUCL  |b slo  |c SNKBUCL  |e AACR2 
041 0 |a cze 
044 |a xo  |c SK 
100 1 |a Michalíček, Miroslav  |4 aut  |9 1157627 
245 1 0 |a PŘISPĚVEK K HYDROGEOCHEMII VÝCHODOSLOVENSKÉHO NEOGÉNU  |c Miroslav Michalíček 
773 0 |t Geologické práce : správy  |g Roč. 34, č. 34 (1965), s. 115-141 
954 |a odborná, vedecká literatúra cudzojazyčná (svetová)  |2 lita 
958 |a OND 
958 |a EUIPO 
958 |a article5 
999 |c 1971007  |d 1972937